Statistics for San Antonio Spurs Leaders Per Year

Click here to take the quiz!

General Stats

  • This quiz has been taken 2,913 times
    (18 since last reset)
  • The average score is 19 of 53

Answer Stats

Player% Correct
Victor Wembanyama
100%
David Robinson
94%
Manu Ginobili
94%
Tim Duncan
94%
Tony Parker
94%
Kawhi Leonard
83%
Avery Johnson
78%
George Johnson
78%
Keldon Johnson
78%
LaMarcus Aldridge
72%
Rich Jones
67%
Tre Jones
67%
Dejounte Murray
61%
George Gervin
61%
Artis Gilmore
50%
DeMar DeRozan
50%
Alvin Robertson
44%
Dennis Rodman
44%
Jakob Poeltl
44%
Mike Green
44%
Pau Gasol
44%
Dominique Wilkins
33%
Larry Kenon
33%
Stephen Jackson
33%
Derek Anderson
28%
Greg Anderson
28%
James Silas
28%
Johnny Moore
28%
Kyle Anderson
28%
Willie Anderson
28%
Mike Mitchell
22%
Cincinnatus Powell
17%
Glen Combs
17%
Rod Strickland
17%
Will Perdue
17%
Billy Paultz
11%
Dave Corzine
11%
Frank Brickowski
11%
John Lucas
11%
Johnny Dawkins
11%
Mike Gale
11%
Swen Nater
11%
Bob Netolicky
6%
Cliff Hagan
6%
Dave Greenwood
6%
Donnie Freeman
6%
Ron Boone
6%
Wes Matthews
6%
Bob Verga
0%
Joe Hamilton
0%
John Beasley
0%
Manny Leaks
0%
Mike Smrek
0%

Score Distribution

Percentile by Number Answered

Percent of People with Each Score

Your Score History

You have not taken this quiz since the last reset